Jhené Aiko: Complete Discography - Statistics

General Stats
  • This quiz has been taken 33 times
    10 since last reset
  • The average score is 60 of 196
Answer Stats
Hint Answer % Correct
Chilombo Happiness Over Everything / H.O.E.
88%
Trip Sing To Me
88%
Sailing Soul(s) Stranger
88%
Sail Out 3:16 AM
75%
Sail Out Bed Peace
75%
Sailing Soul(s) (Bonus) Living Room Flow
75%
Trip Sativa
75%
Souled Out Spotless Mind
75%
Sail Out The Worst
75%
Trip While We're Young
75%
Trip Bad Trip
63%
Features Beware
63%
Chilombo B.S.
63%
Sailing Soul(s) Hoe
63%
Trip Never Call Me
63%
Trip New Balance
63%
Chilombo None Of Your Concern
63%
Trip Oblivion / Creation
63%
Chilombo Pussy Fairy / OTW
63%
Singles Sun / Son
63%
Chilombo Triggered
63%
Souled Out Wading
63%
Sailing Soul(s) (Bonus) 2 Seconds
50%
Trip Ascension
50%
Singles Calm & Patient
50%
Twenty88 Déjà Vu
50%
Trip Frequency
50%
Singles Guidance
50%
Sailing Soul(s) Higher
50%
Features I Know
50%
Trip Jukai
50%
Trip LSD
50%
Sailing Soul(s) (Bonus) Mirrors
50%
Trip Moments
50%
Sailing Soul(s) My Mine
50%
My Name Is Jhené My Name Is Jhené / Intro
50%
Trip Newer Balance
50%
Trip OLLA / Only Lovers Left Alive
50%
Twenty88 On The Way
50%
Trip Overstimulated
50%
Features Post To Be
50%
Trip Psilocybin / Love In Full Effect
50%
Sailing Soul(s) Sailing Not Selling
50%
Sailing Soul(s) Space Jam
50%
Sail Out Stay Ready / What A Life
50%
Duets / Collaborations Sunshine
50%
Souled Out The Pressure
50%
Souled Out W.A.Y.S.
50%
Singles Wrap Me Up
50%
Trip You Are Here
50%
Sailing Soul(s) You Vs. Them
50%
Chilombo (Bonus) Above And Beyond
38%
Chilombo (Bonus) All Good
38%
Souled Out (Bonus) Blue Dream
38%
Chilombo Born Tired
38%
Features Change Your Life
38%
Sail Out (Bonus) Comfort Inn Ending
38%
Sailing Soul(s) Do Better Blues
38%
Souled Out Eternal Sunshine
38%
Features From Time
38%
Features I'll Kill You
38%
Souled Out It's Cool
38%
Soundtracks Lead The Way
38%
Chilombo Lightning & Thunder
38%
Souled Out Lyin King
38%
Chilombo Magic Hour
38%
Singles Maniac
38%
My Name Is Jhené No L.O.V.E.
38%
Trip Picture Perfect
38%
Chilombo Pray For You
38%
Souled Out Promises
38%
Souled Out (Bonus) Remember
38%
Features Sparks Will Fly
38%
Souled Out To Love & Die
38%
Trip Trip
38%
Features | My Name Is Jhené Angel
25%
Features Body On Me
25%
My Name Is Jhené Boy
25%
Souled Out Brave
25%
Singles Break
25%
Soundtracks Cherry Pie
25%
Features Consistency
25%
Chilombo Define Me
25%
Features Dog
25%
My Name Is Jhené Down 4 U
25%
Chilombo (Bonus) Down Again
25%
Features Drunk Texting
25%
My Name Is Jhené Gonna Love You Anyway
25%
Duets / Collaborations Gorgeous
25%
Soundtracks Happy
25%
My Name Is Jhené He Couldn't Kiss
25%
Trip (Bonus) Hello Ego
25%
Duets / Collaborations | Soundtracks In The Dark
25%
Features It's A Vibe
25%
Features Juicy Booty
25%
Souled Out Limbo Limbo Limbo
25%
Chilombo Lotus
25%
Chilombo Love
25%
My Name Is Jhené Make Believe
25%
Chilombo Mourning Doves
25%
Trip Nobody
25%
Chilombo One Way St.
25%
Chilombo Party For Me
25%
Sailing Soul(s) Popular
25%
My Name Is Jhené Promise Ring
25%
Sailing Soul(s) Real Now
25%
My Name Is Jhené Rowdy
25%
Soundtracks Sneaky
25%
My Name Is Jhené Sorry
25%
Duets / Collaborations Sorry To Interrupt
25%
Features Soulo Ho3
25%
Chilombo Speak
25%
My Name Is Jhené Stuck Like This
25%
Chilombo Summer 2020
25%
Chilombo Surrender
25%
Twenty88 Talk Show
25%
Features Terrorist Threats
25%
Sailing Soul(s) The Beginning
25%
Sail Out The Vapors
25%
Chilombo Tryna Smoke
25%
Features Used To Love You
25%
My Name Is Jhené Wanna Be
25%
Duets / Collaborations Wasted Love
25%
Trip When We Love
25%
Sail Out WTH
25%
My Name Is Jhené You Don't Know Me
25%
Chilombo 10k Hours
13%
Twenty88 2 Minute Warning
13%
Features Against The Odds
13%
Features Backdoor
13%
Features Back To The Streets
13%
Souled Out (Bonus) Beautiful Rain
13%
Features Blak Majik
13%
Features Body Language
13%
Features Break It Down
13%
Features By Yourself
13%
Features Can't Hide It
13%
Trip (Bonus) Clear My Mind
13%
Features Closure
13%
Chilombo (Bonus) Come On
13%
Features Contradiction
13%
My Name Is Jhené Don't Walk Away
13%
Features Drinking And Driving
13%
Features Ex Again
13%
Features Fantasy
13%
Duets / Collaborations First Fuck
13%
Features Fly Ass Pisces
13%
Features Freedom
13%
Features French Riviera
13%
Features Growing Apart / From Everything
13%
Sailing Soul(s) Growing Apart Too
13%
Features How It's Done
13%
Features I'm Gonna Be
13%
Features In A World Of My Own / Very Good Advice
13%
Sailing Soul(s) July
13%
Features LA Song
13%
Features Lemme Know
13%
Features Let's Make Some Noise
13%
Features Life Rhymes
13%
Twenty88 London Bridge
13%
Twenty88 Memories Faded
13%
Features Naked Truth
13%
Features Nothin' New
13%
Features Oh You Scared
13%
Features One Of Dem Nights
13%
My Name Is Jhené Pain
13%
Features Pink Toes
13%
Features Plz Don't Go
13%
Souled Out Pretty Bird
13%
Twenty88 Push It
13%
Features Resistance
13%
Soundtracks Right Here
13%
Features Same Time, Pt. 1
13%
Twenty88 Selfish
13%
Features Sensitive
13%
Features Sex Drive
13%
Sailing Soul(s) (Bonus) Snapped
13%
Features Stars In The Sky
13%
Duets / Collaborations Trigger Protection Mantra
13%
Features U Move, I Move
13%
Soundtracks Vote
13%
Features Wake Up Alone
13%
Features Wee Hours
13%
My Name Is Jhené What I Need
13%
My Name Is Jhené Won't Play The Game
13%
Features Worthy
13%
Features Wrongs
13%
Features Cool Off
0%
My Name Is Jhené Expiration Date
0%
Singles I Am Not Afraid / Creation Mantra
0%
My Name Is Jhené I'm Down
0%
Trip Mustic Journey
0%
My Name Is Jhené Wait No More
0%
Features Win Some, Lose Some
0%
No matching quizzes found
Score Distribution
Percent of People with Each Score
Percentile by Number Answered
Your Score History
You have not taken this quiz since the last reset